True or False: Captain America Quiz Stats

 Plays Quiz not verified by Sporcle

Score 0/20 Timer 01:30
0 Plays Today
Hint True or False? % Correct
Recipient of Super Soldier Serum???
90.1%
Fought the Red Skull???
90%
Is a genius, billionaire, playboy, philanthropist???
89.3%
Is from Brooklyn???
89.1%
One of the original Avengers???
89%
Mainly fights using a bow and arrow???
88.6%
Said 'I can do this all day'???
88.5%
Played by Chris Pratt???
87.9%
Best friend is named Rhodey???
84.7%
Suit is red, gold, and blue???
82.8%
Hint True or False? % Correct
Born on July 4, 1918???
82%
Fought Thanos on Titan???
80.8%
Full name is Steven Grant Rogers???
79%
Said ‘Before we get started, does anyone want to get out?’???
77.5%
Had a mother named Sarah???
77.2%
Suffered from asthma and scarlet fever???
73.2%
Is a WW1 Vet???
69.7%
Said 'The truth is a matter of circumstance'???
62.7%
Said 'I have nothing to prove to you'???
61.6%
Has appeared in ten MCU movies???
40.2%

You're not logged in!

Compare scores with friends on all Sporcle quizzes.
OR
Log In

Show Comments

Extras

Top Quizzes Today


Score Distribution

Your Account Isn't Verified!

In order to create a playlist on Sporcle, you need to verify the email address you used during registration. Go to your Sporcle Settings to finish the process.

Report this User

Report this user for behavior that violates our Community Guidelines.

Details: